| 000 | 00595 a2200181 4500 | ||
|---|---|---|---|
| 020 | _a0071156593 | ||
| 020 | _a9780071156592 | ||
| 090 |
_c1317 _d1317 |
||
| 100 | 1 | _aArends, Richard. | |
| 245 | 1 | 0 |
_aLearning to teach / _cRichard Arends. |
| 260 |
_a[S.l.] : _bMcGraw-Hill Education, _c1998. |
||
| 300 | _a1 v. (unpaged) | ||
| 500 | _aImport. | ||
| 500 | _aPaperback. | ||
| 856 | 4 | 0 |
_3Amazon.com _uhttp://www.amazon.com/exec/obidos/ASIN/0071156593/chopaconline-20 |
| 856 | 4 | 0 |
_3Amazon customer reviews _uhttp://www.chopac.org/cgi-bin/tools/azrev.pl?q=0071156593 |
| 942 |
_aNBS _cBK _k371.102 RIC |
||
| 999 |
_c343840 _d343840 |
||